Computational fluid dynamics (Record no. 2125)

000 -LEADER
fixed length control field 00621nam a2200217 a 4500
001 - CONTROL NUMBER
control field 2125
003 - CONTROL NUMBER IDENTIFIER
control field BD-DhUET
008 - FIXED-LENGTH DATA ELEMENTS--GENERAL INFORMATION
fixed length control field 940517s1995 nyua b 001 0 eng
020 ## - INTERNATIONAL STANDARD BOOK NUMBER
International Standard Book Number 0071132104
040 ## - CATALOGING SOURCE
Original cataloging agency DLC
Transcribing agency DLC
Modifying agency BD-DhUET
082 00 - DEWEY DECIMAL CLASSIFICATION NUMBER
Classification number 532.050285
Item number AND/1995
100 ## - MAIN ENTRY--PERSONAL NAME
Personal name Anderson, John D.
245 10 - TITLE STATEMENT
Title Computational fluid dynamics
Remainder of title the basics with applications
250 ## - EDITION STATEMENT
Edition statement 1st ed.
260 ## - PUBLICATION, DISTRIBUTION, ETC. (IMPRINT)
Place of publication, distribution, etc. New York
Name of publisher, distributor, etc. McGraw-Hill
Date of publication, distribution, etc. 1995
300 ## - PHYSICAL DESCRIPTION
Extent xxiv, 547 p.
490 1# - SERIES STATEMENT
Series statement McGraw-Hill series in mechanical engineering
504 ## - BIBLIOGRAPHY, ETC. NOTE
Bibliography, etc Includes bibliographies
650 #0 - SUBJECT ADDED ENTRY--TOPICAL TERM
Topical term or geographic name as entry element Fluid dynamics-Data processing
942 ## - ADDED ENTRY ELEMENTS (KOHA)
Koha item type General Book
Holdings
Lost status Damaged status Price effective from Koha normalized classification for sorting Piece designation (barcode) Date acquired Koha out on loan Source of classification or shelving scheme Location (home branch) Koha item type Not for loan Withdrawn status Shelving location Koha issues (times borrowed) Koha full call number Koha date last borrowed Koha date last seen Copy number Sublocation or collection (holding branch)
  2014-09-20532_000000000000000_050285AND11033572014-09-202019-02-28 Central Library, BUETGeneral Book  Circulation section1532.050285/AND/19952018-02-282018-02-281Central Library, BUET
  2014-09-20532_000000000000000_050285AND11033592014-09-20  Central Library, BUETGeneral Book  Circulation section3532.050285/AND/19952023-08-122023-08-262Central Library, BUET
  2015-02-04532_050285000000000_AND_19951033612015-02-04  Central Library, BUETGeneral Book  Circulation section6532.050285/AND/19952015-03-232015-07-293Central Library, BUET
  2015-06-08532_050285000000000_AND_1995951992015-06-08  Central Library, BUETReading Item  Reading section 532.050285/AND/1995 2015-06-084Central Library, BUET
  2016-09-25532_050285000000000_AND_19951145922016-09-252020-06-15 Central Library, BUETGeneral Book  Circulation section1532.050285/AND/19952019-06-162019-06-165Central Library, BUET
  2016-09-25532_050285000000000_AND_19951145932016-09-25  Central Library, BUETGeneral Book  Circulation section 532.050285/AND/1995 2016-09-252Central Library, BUET
  2017-10-31532_050285000000000_AND_19951033602007-05-07  Central Library, BUETGeneral Book  Circulation section 532.050285/AND/1995 2017-10-316Central Library, BUET